Ludwig Göransson Filmography - Statistics

General Stats
  • This quiz has been taken 9 times
    5 since last reset
  • The average score is 5 of 44
Answer Stats
Year Movie % Correct
2023 Oppenheimer
100%
2018 Black Panther
67%
2025 Sinners
67%
2020 Tenet
67%
2022 Black Panther: Wakanda Forever
33%
2015 Creed
33%
2018 Creed II
33%
2023 Creed III
33%
2013 Fruitvale Station
33%
2014 A Merry Friggin' Christmas
0%
2018 Avengers: Infinity War
0%
2021 Bad Trip
0%
2016 Central Intelligence
0%
2018 Death Wish
0%
2010 Diary of a Wimpy Kid
0%
2010 Dinner for Schmucks
0%
2017 Everything, Everything
0%
2017 Get Out
0%
2019 Guava Island
0%
2007 Happy Holidays
0%
2009 I Love You, Man
0%
2019 Inside Man: Most Wanted
0%
2009 Jennifer's Body
0%
2021 Judas and the Black Messiah
0%
2015 Magic Mike XXL
0%
2008 Marley and Me
0%
2017 Roman J. Israel, Esq.
0%
2018 Slice
0%
2021 Space Jam: A New Legacy
0%
2014 Stretch
0%
2020 The Lego Star Wars Holiday Special
0%
2014 The Town That Dreaded Sundown
0%
2017 Thin Ice
0%
2011 Thirty Minutes or Less
0%
2014 Top Five
0%
2020 Trolls: World Tour
0%
2008 Tropic Thunder
0%
2016 True Memoirs of an International Assassin
0%
2022 Turning Red
0%
2019 Us
0%
2018 Venom
0%
2013 We're the Millers
0%
2011 Worst. Prom. Ever.
0%
2009 Year One
0%
No matching quizzes found
Score Distribution
Percent of People with Each Score
Percentile by Number Answered
Your Score History
You have not taken this quiz since the last reset